[Event "Olimpiade 2016 - Donne"]
[Site "Baku"]
[Date "12.09.2016"]
[Round "10.27"]
[Board "2"]
[White "Gjergji, Rozana"]
[Black "Guerrero Rodriguez, Alejandra"]
[Result "0-1"]
[WhiteTitle "WCM"]
[BlackTitle "WIM"]
[WhiteElo "1947"]
[BlackElo "2043"]
[WhiteTeam "Albania"]
[BlackTeam "Mexico"]
[WhiteFideId "4700147"]
[BlackFideId "5104297"]
[EventDate "2016.09.02"]

1. e4 c5 2. Nc3 g6 3. Nf3 Bg7 4. d4 cxd4 5. Nxd4 Nc6 6. Nb3 Nf6 7. Be2 O-O 8.
O-O a5 9. a4 d6 10. f4 Qb6+ 11. Kh1 Be6 12. Nd5 Bxd5 13. exd5 Nb4 14. Bf3 Rac8
15. c3 Nd3 16. Qxd3 Qxb3 17. Be3 Nd7 18. Rf2 Nc5 19. Qd2 Qc4 20. Bxc5 Rxc5 21.
Re2 Bf6 22. g3 b5 23. axb5 Rxb5 24. Rg2 Qc5 25. Rc1 Rfb8 26. Rc2 a4 27. Qf2 Qc7
28. Qe3 Rb3 29. Qe4 a3 30. bxa3 Rxa3 31. c4 Rb1+ 32. Rg1 Rxg1+ 33. Kxg1 Qc5+ 34.
Kg2 Re3 0-1

[Event "Olimpiade 2016 - Donne"]
[Site "Baku"]
[Date "12.09.2016"]
[Round "10.27"]
[Board "3"]
[White "Parkhurst Casas, Miriam"]
[Black "Shabanaj, Alda"]
[Result "1-0"]
[WhiteTitle "WFM"]
[BlackTitle "WFM"]
[WhiteElo "1993"]
[BlackElo "1881"]
[WhiteTeam "Mexico"]
[BlackTeam "Albania"]
[WhiteFideId "5116520"]
[BlackFideId "4700597"]
[EventDate "2016.09.02"]

1. e4 c6 2. d4 d5 3. Nc3 dxe4 4. Nxe4 Bf5 5. Ng3 Bg6 6. Nh3 h6 7. Nf4 Bh7 8. Bc4
Nf6 9. O-O Nbd7 10. Re1 Nb6 11. Bb3 g5 12. Nfh5 Qd6 13. c4 Nbd7 14. c5 Qc7 15.
Qf3 O-O-O 16. Bxf7 Nxh5 17. Nxh5 e5 18. Nf6 Bg7 19. Nxd7 e4 20. Qh3 Rxd7 21. Be6
Rd8 22. Be3 Kb8 23. Bxd7 Rxd7 24. b4 Rd5 25. Rad1 Qd8 26. Qh5 Qd7 27. h3 Bf5 28.
Qe2 g4 29. h4 g3 30. Bf4+ Kc8 31. Bxg3 Bxd4 32. Kh2 Bg4 33. f3 exf3 34. Qe8+
Qxe8 35. Rxe8+ Kd7 36. Rde1 Bf6 37. gxf3 Bxf3 38. Rf8 Rd2+ 39. Kh3 Bg2+ 40. Kg4
Rd4+ 41. Kh5 Bd8 42. Rf7+ Kc8 43. Re8 Rd7 44. Rxd7 Kxd7 45. Rh8 Bd5 46. Rh7+ Ke6
47. Rxb7 Kf5 48. Rxa7 Bf6 49. Kxh6 Bc3 50. a3 Kg4 51. Bf2 Kf3 52. Bg1 Kg4 53.
Be3 Kxh4 54. Bg5+ Kg4 55. Rd7 Bc4 56. a4 Kf5 57. Rd6 Ke5 58. Bf6+ 1-0

[Event "Olimpiade 2016 - Donne"]
[Site "Baku"]
[Date "12.09.2016"]
[Round "10.27"]
[Board "4"]
[White "Tuzi, Bruna"]
[Black "Garcia Morales, Ivette Ale"]
[Result "1/2-1/2"]
[WhiteTitle "WCM"]
[BlackTitle "WIM"]
[WhiteElo "1807"]
[BlackElo "2006"]
[WhiteTeam "Albania"]
[BlackTeam "Mexico"]
[WhiteFideId "4701100"]
[BlackFideId "5105994"]
[EventDate "2016.09.02"]

1. e4 e6 2. d4 d5 3. e5 c5 4. c3 Qb6 5. Nf3 Bd7 6. a3 Bb5 7. Be2 Nc6 8. O-O Bxe2
9. Qxe2 c4 10. Nbd2 Nge7 11. Qd1 Na5 12. Qc2 Nf5 13. h4 Be7 14. g3 Rc8 15. Kg2
h6 16. Rh1 g6 17. Nh2 Qd8 18. Ndf3 Nb3 19. Rb1 a5 20. Ng4 a4 21. Ne3 b5 22. h5
Nxc1 23. Qxc1 Bg5 24. Nxg5 Qxg5 25. hxg6 Qxg6 26. Nxf5 Qxf5 27. Qe3 Ke7 28. Qf3
Qg6 29. Rbe1 Rcg8 30. Rh4 Rh7 31. Reh1 Qc2 32. Qf6+ Ke8 33. Rxh6 Rhg7 34. Qf3
Rxg3+ 35. Qxg3 Qe4+ 36. Kh2 Rxg3 37. Kxg3 Qc2 38. Rf6 Qxb2 39. Rh8+ Ke7 40. Rh7
Qxc3+ 41. Kg2 Qxd4 42. Rfxf7+ Ke8 43. Ra7 Qg4+ 44. Kf1 Qd1+ 45. Kg2 Qg4+ 46. Kf1 1/2-1/2

[Event "Olimpiade 2016 - Donne"]
[Site "Baku"]
[Date "12.09.2016"]
[Round "10.28"]
[Board "1"]
[White "Terao, Juliana Sayumi"]
[Black "Milovic, Aleksandra"]
[Result "1-0"]
[WhiteTitle "WIM"]
[BlackTitle "WIM"]
[WhiteElo "2268"]
[BlackElo "2252"]
[WhiteTeam "Brazil"]
[BlackTeam "Montenegro"]
[WhiteFideId "2109220"]
[BlackFideId "933988"]
[EventDate "2016.09.02"]

1. e4 d5 2. exd5 Qxd5 3. Nc3 Qd8 4. d4 Nf6 5. Bc4 a6 6. Nf3 b5 7. Bd3 Bb7 8. O-O
e6 9. Bg5 Be7 10. Qe2 Nbd7 11. Rad1 O-O 12. Rfe1 Nd5 13. Qe4 g6 14. Bxe7 Nxe7
15. Qxb7 c6 16. Ne5 Nxe5 17. dxe5 Re8 18. Ne4 1-0

[Event "Olimpiade 2016 - Donne"]
[Site "Baku"]
[Date "12.09.2016"]
[Round "10.28"]
[Board "2"]
[White "Blagojevic, Tijana"]
[Black "Alboredo, Julia"]
[Result "1-0"]
[WhiteTitle "WIM"]
[BlackTitle "WFM"]
[WhiteElo "2223"]
[BlackElo "2135"]
[WhiteTeam "Montenegro"]
[BlackTeam "Brazil"]
[WhiteFideId "16500270"]
[BlackFideId "2124807"]
[EventDate "2016.09.02"]

1. e4 c5 2. Nf3 d6 3. Bb5+ Nd7 4. O-O a6 5. Bd3 Ngf6 6. Re1 b5 7. c4 b4 8. Bc2
e5 9. a3 bxa3 10. Rxa3 Be7 11. Nc3 O-O 12. d3 h6 13. Nh4 Nb8 14. Nf5 Bxf5 15.
exf5 Nc6 16. Be3 Nb4 17. Ne4 Qc8 18. Ng3 d5 19. Ba4 Rd8 20. Qe2 Rb8 21. Bd2 Bd6
22. Bc3 Nc6 23. cxd5 Nxd5 24. Qf3 Ndb4 25. f6 g6 26. h4 Nd4 27. Bxd4 exd4 28. h5
Bxg3 29. hxg6 fxg6 30. f7+ Kg7 31. Re8 Bh2+ 32. Kh1 1-0

[Event "Olimpiade 2016 - Donne"]
[Site "Baku"]
[Date "12.09.2016"]
[Round "10.28"]
[Board "3"]
[White "Chang, Suzana"]
[Black "Stojanovic, Marija R"]
[Result "1-0"]
[WhiteTitle "WFM"]
[BlackTitle "WIM"]
[WhiteElo "2093"]
[BlackElo "2127"]
[WhiteTeam "Brazil"]
[BlackTeam "Montenegro"]
[WhiteFideId "2105985"]
[BlackFideId "931411"]
[EventDate "2016.09.02"]

1. e4 e6 2. d3 d5 3. Qe2 Nf6 4. Nf3 Be7 5. g3 c5 6. Bg2 Nc6 7. O-O h6 8. Re1
dxe4 9. dxe4 e5 10. c3 Be6 11. Nh4 g6 12. Be3 Nd7 13. Nf3 Qc7 14. Na3 a6 15. Nc4
b5 16. Ncd2 Kf8 17. h4 Kg7 18. Nf1 Rad8 19. N3d2 Nb6 20. h5 Na4 21. hxg6 fxg6
22. Nb1 Bc4 23. Qc2 Bd3 24. Qc1 c4 25. Nbd2 b4 26. Nh2 Qa5 27. Nxc4 Bxc4 28.
cxb4 Qxb4 29. b3 Bb5 30. bxa4 Qxa4 31. Bf1 Ba3 32. Bxb5 1-0

[Event "Olimpiade 2016 - Donne"]
[Site "Baku"]
[Date "12.09.2016"]
[Round "10.28"]
[Board "4"]
[White "Krpovic, Natasa"]
[Black "Librelato, Kathie Goulart"]
[Result "0-1"]
[WhiteTitle "WFM"]
[WhiteElo "2073"]
[BlackElo "2079"]
[WhiteTeam "Montenegro"]
[BlackTeam "Brazil"]
[WhiteFideId "910791"]
[BlackFideId "2153963"]
[EventDate "2016.09.02"]

1. e4 e5 2. Bc4 Nf6 3. d3 Nc6 4. Nf3 Bc5 5. Nc3 h6 6. Be3 Bb6 7. Nd5 d6 8. O-O
O-O 9. Nxb6 axb6 10. h3 Re8 11. Nh2 d5 12. exd5 Nxd5 13. Qh5 Be6 14. Bd2 Nf6 15.
Qd1 Bxc4 16. dxc4 Qd4 17. b3 Rad8 18. Nf3 Qc5 19. Qe2 e4 20. Ne1 Nd4 21. Qe3 Qh5
22. g4 Nxg4 23. hxg4 Qxg4+ 24. Kh1 Nf3 0-1

[Event "Olimpiade 2016 - Donne"]
[Site "Baku"]
[Date "12.09.2016"]
[Round "10.29"]
[Board "1"]
[White "Fierro Baquero, Martha L."]
[Black "Samaganova, Alexandra"]
[Result "1-0"]
[WhiteTitle "IM"]
[WhiteElo "2369"]
[BlackElo "2048"]
[WhiteTeam "Ecuador"]
[BlackTeam "Kyrgyzstan"]
[WhiteFideId "3600270"]
[BlackFideId "13800221"]
[EventDate "2016.09.02"]

1. c4 c5 2. g3 g6 3. Bg2 Bg7 4. Nc3 Nc6 5. d3 d6 6. Nf3 a6 7. O-O Rb8 8. Be3 Nd4
9. Rc1 Bd7 10. a3 b5 11. cxb5 Nxb5 12. d4 Nxc3 13. Rxc3 Rxb2 14. Qc1 Qb8 15.
dxc5 dxc5 16. Rxc5 Rb5 17. Nd4 Rxc5 18. Qxc5 Nf6 19. Bf4 Qb2 20. Be5 Qa2 21. Qc7
O-O 22. Bxf6 Bxf6 23. Qxd7 Qd2 24. e3 e5 25. Qc6 exd4 26. Qxf6 dxe3 27. fxe3
Qxe3+ 28. Kh1 Qd3 29. a4 Qc4 30. Qf4 Qc5 31. h4 h5 32. Rc1 Qb6 33. Bd5 Qd8 34.
Qe4 Kg7 35. Qe5+ Kg8 36. Rc6 Kh7 37. Rc7 Kg8 38. Ra7 Qb6 39. Rxf7 Qb1+ 40. Rf1+ 1-0

[Event "Olimpiade 2016 - Donne"]
[Site "Baku"]
[Date "12.09.2016"]
[Round "10.29"]
[Board "2"]
[White "Omurbekova, Diana"]
[Black "Heredia Serrano, Carla"]
[Result "0-1"]
[BlackTitle "WGM"]
[WhiteElo "1868"]
[BlackElo "2075"]
[WhiteTeam "Kyrgyzstan"]
[BlackTeam "Ecuador"]
[WhiteFideId "13800752"]
[BlackFideId "3603687"]
[EventDate "2016.09.02"]

1. e4 e6 2. d3 d5 3. Nd2 Nf6 4. Ngf3 Nc6 5. g3 dxe4 6. dxe4 Bc5 7. Bg2 e5 8. O-O
O-O 9. Re1 a5 10. h3 Qe7 11. c3 Rd8 12. Qc2 b6 13. Bf1 Nh5 14. Nb3 Nxg3 15. Nxc5
Nxf1 16. Nd3 Ba6 17. c4 Qd6 18. Ndxe5 Nxe5 19. Nxe5 Qxe5 20. Kxf1 Qe6 21. b3
Qxh3+ 22. Ke2 Bc8 23. Rf1 Bg4+ 24. f3 Qg2+ 25. Rf2 Bxf3+ 26. Ke3 Qg5+ 27. Kxf3
Qf6+ 28. Bf4 Qxa1 29. Bxc7 Rd7 30. Bf4 Rad8 31. Ke2 f6 32. Rf1 Qd4 33. Be3 Qd6
34. Rf5 Qh2+ 35. Rf2 Qh5+ 36. Rf3 Rd1 37. a3 Qh1 38. Rf2 Re1# 0-1

[Event "Olimpiade 2016 - Donne"]
[Site "Baku"]
[Date "12.09.2016"]
[Round "10.29"]
[Board "3"]
[White "Romero Echeverria, Abigail"]
[Black "Zairbek kyzy, Begimay"]
[Result "1-0"]
[WhiteTitle "WIM"]
[WhiteElo "2106"]
[BlackElo "1836"]
[WhiteTeam "Ecuador"]
[BlackTeam "Kyrgyzstan"]
[WhiteFideId "3603806"]
[BlackFideId "13803603"]
[EventDate "2016.09.02"]

1. e4 c6 2. d4 d5 3. e5 c5 4. dxc5 e6 5. a3 Bxc5 6. Qg4 Bf8 7. Nf3 Nc6 8. Bd3
Nge7 9. b4 Qc7 10. Bb2 g6 11. O-O Bg7 12. Re1 O-O 13. Nbd2 a6 14. h4 Nf5 15. h5
Re8 16. Nf1 b5 17. N1h2 Nh6 18. Qh3 Bb7 19. hxg6 hxg6 20. Rad1 Rad8 21. Bc1 Nf5
22. Ng4 Rc8 23. Nf6+ Kf8 24. Bxf5 gxf5 25. Qh7 Red8 26. Qg8+ Ke7 27. Qxg7 Qb8
28. Bg5 Rf8 29. Nxd5+ Kd7 30. Nf6+ 1-0

[Event "Olimpiade 2016 - Donne"]
[Site "Baku"]
[Date "12.09.2016"]
[Round "10.29"]
[Board "4"]
[White "Musaeva, Shakhnazi"]
[Black "Bosch Garcia, Jacqueline"]
[Result "1/2-1/2"]
[BlackTitle "WFM"]
[WhiteElo "1611"]
[BlackElo "2011"]
[WhiteTeam "Kyrgyzstan"]
[BlackTeam "Ecuador"]
[WhiteFideId "13801643"]
[BlackFideId "3503844"]
[EventDate "2016.09.02"]

1. e4 e5 2. Nc3 Nf6 3. Bc4 Nc6 4. d3 Bc5 5. f4 d6 6. Nf3 O-O 7. Na4 Bb6 8. Nxb6
axb6 9. O-O h6 10. c3 Re8 11. Be3 d5 12. exd5 Nxd5 13. Bxd5 Qxd5 14. b3 Bg4 15.
Qd2 Rad8 16. Ne1 Re7 17. fxe5 Nxe5 18. d4 Ng6 19. Nd3 Rde8 20. Rae1 Qh5 21. Qf2
Qa5 22. Qd2 Ra8 23. Rf2 Rae8 24. Rff1 Qh5 25. Qf2 Qa5 26. Qd2 Qb5 27. h3 Bd7 28.
Re2 Qh5 29. Ree1 Bc6 30. c4 Re4 31. Qf2 R4e7 32. Qd2 Re4 33. Qf2 R4e7 34. Qd2
Bd7 35. Qf2 b5 36. Nc5 bxc4 37. bxc4 b6 38. Nxd7 Rxd7 39. Bf4 Red8 40. d5 1/2-1/2

[Event "Olimpiade 2016 - Donne"]
[Site "Baku"]
[Date "12.09.2016"]
[Round "10.30"]
[Board "1"]
[White "Farha, Doha"]
[Black "Li, Ruofan"]
[Result "0-1"]
[BlackTitle "IM"]
[WhiteElo "1851"]
[BlackElo "2353"]
[WhiteTeam "Syria"]
[BlackTeam "Singapore"]
[WhiteFideId "7602049"]
[BlackFideId "8600643"]
[EventDate "2016.09.02"]

1. d4 Nf6 2. Nf3 e6 3. c4 b6 4. e3 Bb7 5. Bd3 d5 6. b3 Bb4+ 7. Bd2 Be7 8. O-O
O-O 9. Ne5 c5 10. Bc3 Nbd7 11. Bb2 Rc8 12. Qe2 dxc4 13. Bxc4 cxd4 14. Bxd4 Nxe5
15. Bxe5 Nd7 16. Rd1 Bf6 17. Bxf6 Qxf6 18. Nd2 Ne5 19. f4 Nxc4 20. bxc4 e5 21.
Rf1 exf4 22. exf4 Rfd8 23. Nb3 Re8 24. Qg4 Rxc4 25. Qd7 Bc6 26. Qd2 Rce4 27. Rf2
h6 28. Rc1 a5 29. Rd1 a4 30. Nc1 b5 31. Nd3 Rd8 32. Qc1 Red4 33. Nb2 Rxd1+ 34.
Nxd1 b4 35. Nb2 a3 36. Nd1 Rd3 37. Rc2 Qd4+ 38. Nf2 Rc3 39. Rxc3 bxc3 40. Qxa3
Qd2 41. Qa6 Qe1+ 42. Qf1 Qxf1+ 43. Kxf1 c2 44. Nd3 Bb5 45. Ke1 Bxd3 0-1

[Event "Olimpiade 2016 - Donne"]
[Site "Baku"]
[Date "12.09.2016"]
[Round "10.30"]
[Board "2"]
[White "Gong, Qianyun"]
[Black "Alkaseir, Roaa"]
[Result "1-0"]
[WhiteTitle "WIM"]
[WhiteElo "2262"]
[BlackElo "1674"]
[WhiteTeam "Singapore"]
[BlackTeam "Syria"]
[WhiteFideId "8602425"]
[BlackFideId "7602847"]
[EventDate "2016.09.02"]

1. e4 c5 2. Nf3 d6 3. d4 cxd4 4. Qxd4 Nc6 5. Bb5 Bd7 6. Bxc6 bxc6 7. c4 Nf6 8.
Nc3 e5 9. Qd3 Be7 10. h3 O-O 11. O-O Ne8 12. Rd1 f5 13. Nxe5 fxe4 14. Nxe4 Bh4
15. Nxd7 Qxd7 16. Bg5 Bxg5 17. Nxg5 g6 18. Rd2 Qe7 19. Nf3 Rb8 20. Re1 Qf6 21.
b3 a5 22. Nd4 Rc8 23. Nxc6 1-0

[Event "Olimpiade 2016 - Donne"]
[Site "Baku"]
[Date "12.09.2016"]
[Round "10.30"]
[Board "3"]
[White "Al-Mahmoud, Rola"]
[Black "Hng, Mei-En Emmanuelle"]
[Result "0-1"]
[WhiteElo "1684"]
[BlackElo "1883"]
[WhiteTeam "Syria"]
[BlackTeam "Singapore"]
[WhiteFideId "7601263"]
[BlackFideId "5804566"]
[EventDate "2016.09.02"]

1. e4 c5 2. Nf3 e6 3. d3 Nc6 4. g3 d5 5. Nbd2 Nf6 6. Bg2 Be7 7. O-O O-O 8. Re1
Qc7 9. c3 dxe4 10. dxe4 Ng4 11. Qc2 Rd8 12. a4 Nge5 13. Nxe5 Nxe5 14. f4 Nd3 15.
Re2 c4 16. Nf3 e5 17. Nxe5 Nxe5 18. fxe5 Bg4 19. Re1 Rd3 20. Bf4 Qb6+ 21. Kh1 g5
22. a5 Qh6 23. Be3 Rad8 24. Bf1 Bf3+ 25. Kg1 Rxe3 26. Rxe3 Bc5 27. Re1 g4 28.
Qf2 Rd1 29. Rxd1 Bxe3 30. Rd8+ Kg7 31. Rd6 Bxf2+ 32. Kxf2 Qxh2+ 33. Ke3 Qg1+ 34.
Kf4 Qxf1 35. e6 Be2+ 36. Ke3 Qf3+ 37. Kd4 Qf2+ 38. Kd5 fxe6+ 39. Rxe6 Qxg3 40.
Re7+ Kf6 41. Re6+ Kf7 42. a6 Qc7 43. Rh6 Kg7 44. Rd6 bxa6 45. e5 Bf3+ 46. Ke6
Qf7# 0-1

[Event "Olimpiade 2016 - Donne"]
[Site "Baku"]
[Date "12.09.2016"]
[Round "10.30"]
[Board "4"]
[White "Siew, Kai Xin"]
[Black "Manar, Khalil"]
[Result "0-1"]
[WhiteElo "1607"]
[BlackElo "1725"]
[WhiteTeam "Singapore"]
[BlackTeam "Syria"]
[WhiteFideId "5804132"]
[BlackFideId "7604661"]
[EventDate "2016.09.02"]

1. d4 d5 2. c4 c6 3. Nf3 Nf6 4. Qc2 e6 5. Bg5 Nbd7 6. cxd5 exd5 7. Nc3 Qa5 8.
Nd2 Bb4 9. e4 dxe4 10. Ndxe4 Nd5 11. Bd2 O-O 12. Bd3 Qb6 13. Nxd5 cxd5 14. Nc3
Nf6 15. Be3 Bd7 16. O-O Rac8 17. Rac1 h6 18. Qb3 Qd6 19. Ne2 Bc6 20. a3 Ba5 21.
Bb5 Bxb5 22. Qxb5 Bb6 23. h3 Qe6 24. Nf4 Qf5 25. Qd3 Qd7 26. Qb3 Rxc1 27. Rxc1
Rd8 28. Nd3 Qf5 29. Nc5 Bxc5 30. Rxc5 Qd7 31. Qc2 Ne8 32. Bf4 b6 33. Rc6 Qb7 34.
Rc3 Qd7 35. Rg3 Rc8 36. Qd2 Kh7 37. Qd3+ Kh8 38. Qd2 Rc6 39. Rc3 Qc8 40. Qc1
Rxc3 41. Qxc3 Qxc3 42. bxc3 b5 43. f3 Nf6 44. Bc7 Kh7 45. Kf2 Kg6 46. g4 Ne8 47.
Bg3 Kf6 48. Ke3 Ke6 49. Be5 g6 50. Kd3 f6 51. Bf4 h5 52. Ke3 hxg4 53. hxg4 Kd7
54. Kd3 Ng7 55. Bg3 Ne6 56. Ke3 Nd8 57. Bh4 Ke6 58. Be1 Nc6 59. Kd3 Na5 60. Bd2
Nc4 61. Bc1 Kd6 62. Kc2 Kc6 63. Kb3 Kb6 64. Kb4 Na5 65. f4 f5 66. g5 Nc4 67. a4
bxa4 68. Kxa4 a5 69. Kb3 Kb5 70. Ka2 Ka4 71. Bb2 Nxb2 72. Kxb2 Kb5 73. Kb3 a4+
74. Ka3 Kc4 75. Kxa4 Kxc3 76. Kb5 Kxd4 77. Kc6 Ke4 78. Kd6 Kxf4 79. Kxd5 Kxg5 0-1

[Event "Olimpiade 2016 - Donne"]
[Site "Baku"]
[Date "12.09.2016"]
[Round "10.31"]
[Board "1"]
[White "Houska, Jovanka"]
[Black "Nazarova, Anastasia"]
[Result "1-0"]
[WhiteTitle "IM"]
[BlackTitle "WCM"]
[WhiteElo "2386"]
[BlackElo "1897"]
[WhiteTeam "England"]
[BlackTeam "Finland"]
[WhiteFideId "405094"]
[BlackFideId "34101737"]
[EventDate "2016.09.02"]

1. d4 Nf6 2. Nf3 g6 3. g3 Bg7 4. Bg2 O-O 5. O-O d6 6. c4 Nbd7 7. Nc3 e5 8. e4
exd4 9. Nxd4 Re8 10. h3 a6 11. a4 Nc5 12. Re1 a5 13. Qc2 Nfxe4 14. Nxe4 Bxd4 15.
Bg5 Qd7 16. Nf6+ Bxf6 17. Bxf6 Re6 18. Qc3 Qe8 19. Bd5 Rxe1+ 20. Rxe1 Be6 21. h4
Qf8 22. Bd4 Bxd5 23. cxd5 Re8 24. Qxa5 Rxe1+ 25. Qxe1 Nxa4 26. h5 Nc5 27. Qc3
Qe7 28. b4 Na4 29. Qa1 b5 30. Bf6 Qf8 31. Qc1 Nb6 32. Qc6 Qa8 33. Qxb5 Nxd5 34.
Bb2 c6 35. Qc4 Qb7 36. hxg6 hxg6 37. Qh4 f6 38. Bxf6 Qh7 39. Qc4 Qb7 40. Bc3 Qb5
41. Qg4 Nxc3 42. Qxg6+ Kh8 43. Qf6+ Kg8 44. Qxc3 Qd5 45. Qf6 Qd1+ 46. Kg2 Qd5+
47. Kh3 Qd2 48. Qe6+ Kh8 49. Qc8+ Kh7 50. Qxc6 Qxb4 51. Qd7+ Kh8 52. f4 Qd4 53.
Qe8+ Kg7 54. Qe7+ Kh8 55. Kh4 Qd2 56. Kg5 Qg2 57. g4 d5 58. f5 Qf3 59. f6 1-0

[Event "Olimpiade 2016 - Donne"]
[Site "Baku"]
[Date "12.09.2016"]
[Round "10.31"]
[Board "2"]
[White "Puuska, Heini"]
[Black "Kalaiyalahan, Akshaya"]
[Result "0-1"]
[WhiteTitle "WFM"]
[BlackTitle "FM"]
[WhiteElo "1926"]
[BlackElo "2017"]
[WhiteTeam "Finland"]
[BlackTeam "England"]
[WhiteFideId "502324"]
[BlackFideId "422894"]
[EventDate "2016.09.02"]

1. d4 Nf6 2. c4 g6 3. Nc3 Bg7 4. e4 d6 5. f3 O-O 6. Be3 Nc6 7. Nge2 a6 8. Rc1 e5
9. d5 Ne7 10. g4 Bd7 11. Ng3 Ne8 12. Rg1 Rb8 13. b4 c6 14. b5 axb5 15. cxb5 cxb5
16. Bxb5 Bxb5 17. Nxb5 Qa5+ 18. Nc3 b5 19. Qd2 Ra8 20. Rg2 Nf6 21. Nb1 b4 22. a3
Rfb8 23. axb4 Rxb4 24. Kf1 Qb5+ 25. Qe2 Rxb1 26. Qxb5 Rxb5 27. Rc7 Nexd5 0-1

[Event "Olimpiade 2016 - Donne"]
[Site "Baku"]
[Date "12.09.2016"]
[Round "10.31"]
[Board "3"]
[White "Longson, Sarah N"]
[Black "Rinne, Heini"]
[Result "1-0"]
[WhiteTitle "WFM"]
[WhiteElo "2103"]
[BlackElo "1751"]
[WhiteTeam "England"]
[BlackTeam "Finland"]
[WhiteFideId "2501465"]
[BlackFideId "513423"]
[EventDate "2016.09.02"]

1. e4 c6 2. d4 d5 3. f3 dxe4 4. fxe4 e5 5. Nf3 Bg4 6. Bc4 Nd7 7. O-O Ngf6 8. c3
Nb6 9. Bxf7+ Kxf7 10. Nxe5+ Ke8 11. Nxg4 Be7 12. Nxf6+ Bxf6 13. e5 Be7 14. Qh5+
g6 15. Qh6 Bf8 16. Qf4 Qd5 17. Qf6 Qg8 18. Nd2 Be7 19. Qf3 Qe6 20. Ne4 Rf8 21.
Nf6+ Bxf6 22. exf6 Kf7 23. Bg5 Rfe8 24. Qg3 Qd7 25. Rae1 Nd5 26. Qh4 h5 27. c4
Nc7 28. Re7+ Rxe7 29. fxe7+ Kg7 30. Qf4 Ne6 31. Qf7+ Kh8 32. Bf6+ 1-0

[Event "Olimpiade 2016 - Donne"]
[Site "Baku"]
[Date "12.09.2016"]
[Round "10.31"]
[Board "4"]
[White "Walta, Paivi"]
[Black "Bhatia, Kanwal K"]
[Result "0-1"]
[WhiteTitle "WFM"]
[BlackTitle "WFM"]
[WhiteElo "1735"]
[BlackElo "2133"]
[WhiteTeam "Finland"]
[BlackTeam "England"]
[WhiteFideId "504513"]
[BlackFideId "407496"]
[EventDate "2016.09.02"]

1. e4 e5 2. Bc4 Nf6 3. d3 Nc6 4. Nf3 Bc5 5. c3 a6 6. Bb3 Ba7 7. O-O d6 8. h3 h6
9. Re1 O-O 10. Nbd2 Nh5 11. Nf1 Qf6 12. Be3 Nf4 13. Bxa7 Rxa7 14. Ne3 Ne7 15.
Kh2 Ra8 16. Rc1 c6 17. Rc2 Neg6 18. Rd2 Kh8 19. d4 Qe7 20. dxe5 dxe5 21. Nf5 Qc7
22. Rd6 a5 23. Qd2 a4 24. Bc2 Nd5 25. N3h4 Bxf5 26. Nxf5 Ndf4 27. g3 Ne6 28. Rd1
Rfd8 29. Qe2 Qb6 30. Rxd8+ Nxd8 31. Bd3 a3 32. b3 Qc5 33. c4 Ne6 34. Rd2 Ne7 35.
Ne3 Nd4 36. Qg4 Kg8 37. Kg2 Qb4 38. Rd1 Rd8 39. Bb1 Qc3 40. Qh4 Qb4 41. Qh5 Ng6
42. Qg4 Qb6 43. h4 Ne7 44. h5 Kf8 45. Rd2 Ng8 46. Qd1 Nf6 47. g4 Qc5 48. Kg3 b5
49. Bd3 b4 50. Bb1 Nh7 51. Nf5 Nxf5+ 52. exf5 Rd4 53. Rxd4 exd4 54. f4 Qd6 55.
Qe2 c5 56. Qe4 Nf6 57. Qe5 Qe7 58. Kf3 Nd7 59. Qxe7+ Kxe7 60. Be4 Nb6 61. g5 f6
62. Bb7 Nxc4 63. Ba6 Nd2+ 64. Ke2 Nxb3 65. Bc4 Na5 66. Bd5 Kd6 67. Bg8 c4 68.
Kd2 b3 0-1

[Event "Olimpiade 2016 - Donne"]
[Site "Baku"]
[Date "12.09.2016"]
[Round "10.32"]
[Board "1"]
[White "Zhou, Qiyu"]
[Black "Ishizuka, Mirai"]
[Result "1-0"]
[WhiteTitle "FM"]
[WhiteElo "2367"]
[BlackElo "1778"]
[WhiteTeam "Canada"]
[BlackTeam "Japan"]
[WhiteFideId "505161"]
[BlackFideId "7001070"]
[EventDate "2016.09.02"]

1. e4 c5 2. Nf3 d6 3. d4 cxd4 4. Nxd4 Nf6 5. Nc3 g6 6. Be3 Bg7 7. f3 Nc6 8. Qd2
O-O 9. O-O-O Nxd4 10. Bxd4 Be6 11. Kb1 a6 12. g4 Qc7 13. h4 b5 14. h5 b4 15. Nd5
Bxd5 16. exd5 a5 17. Bd3 Qb7 18. Qh2 Rad8 19. hxg6 fxg6 20. Bxf6 Rxf6 21. g5 Rf7
22. Qxh7+ Kf8 23. Bxg6 Rf4 24. Bf5 Rxf5 25. Qxf5+ Kg8 26. Qe6+ Kf8 27. g6 1-0

[Event "Olimpiade 2016 - Donne"]
[Site "Baku"]
[Date "12.09.2016"]
[Round "10.32"]
[Board "2"]
[White "Hoshino, Karen"]
[Black "Yuan, Yuanling"]
[Result "0-1"]
[WhiteTitle "WCM"]
[BlackTitle "WIM"]
[WhiteElo "1802"]
[BlackElo "2205"]
[WhiteTeam "Japan"]
[BlackTeam "Canada"]
[WhiteFideId "2137984"]
[BlackFideId "8604541"]
[EventDate "2016.09.02"]

1. d4 Nf6 2. c4 e6 3. Nf3 Bb4+ 4. Bd2 Qe7 5. e3 b6 6. Bd3 Bb7 7. O-O Bxd2 8.
Nbxd2 d6 9. Rc1 Nbd7 10. b4 O-O 11. Qb3 e5 12. dxe5 dxe5 13. Be2 c5 14. a3 e4
15. Ne1 Rfd8 16. Nc2 Ne5 17. Rfd1 Nfg4 18. h3 Nd3 19. Bxd3 Rxd3 20. Qb2 Ne5 21.
Ne1 Rd6 22. Rb1 Rg6 23. bxc5 Nf3+ 24. Ndxf3 exf3 25. Qd4 Be4 26. cxb6 axb6 27.
Rxb6 Rxg2+ 28. Kh1 Rxf2 29. Rd6 Re8 30. a4 Rf1+ 31. Kh2 f2 32. Ng2 Rxd1 33. Qxd1
Qxd6+ 0-1

[Event "Olimpiade 2016 - Donne"]
[Site "Baku"]
[Date "12.09.2016"]
[Round "10.32"]
[Board "4"]
[White "Fukuya, Natsumi"]
[Black "Ouellet, Maili-Jade"]
[Result "0-1"]
[BlackTitle "WCM"]
[WhiteElo "1636"]
[BlackElo "1992"]
[WhiteTeam "Japan"]
[BlackTeam "Canada"]
[WhiteFideId "7002181"]
[BlackFideId "2620472"]
[EventDate "2016.09.02"]

1. e4 c5 2. Nf3 e6 3. d4 cxd4 4. Nxd4 a6 5. Bd3 Bc5 6. Nb3 Be7 7. Nc3 d6 8. Be3
Nf6 9. Qe2 Qc7 10. O-O-O Nbd7 11. g4 h5 12. g5 Ng4 13. f4 Nxe3 14. Qxe3 b5 15.
a3 Bb7 16. Rhe1 O-O-O 17. h4 Kb8 18. Be2 Rc8 19. Kb1 Nb6 20. Rc1 Nc4 21. Bxc4
bxc4 22. Nd4 Qa5 23. Rcd1 Bd8 24. Qd2 Bb6 25. Na2 Qc5 26. Qb4 Qc7 27. c3 g6 28.
Qa4 d5 29. e5 Bc5 30. Nb4 Qb6 31. Rd2 Kc7 32. Kc1 Rb8 33. Kd1 a5 34. Na2 Bc8 35.
Qc2 Bd7 36. Ke2 Rb7 37. Rb1 Bxa3 38. Nc1 Rhb8 39. b3 Bxc1 40. Qxc1 cxb3 41. Rxb3
Qa6+ 42. Kf2 Rxb3 0-1